000 01192nam a2200289 i 4500
001 6596
003 ES-MaACL
005 20230906145016.0
007 t|
008 900117s1984 sp ||||1| spa d
020 _a84-7496-072-X
020 _a84-7496-073-8
080 _a61(09)
080 _a361.94(46)"--/17"
080 _a616.9
080 _a92 Villalba, Joaquin de
100 1 _aCarreras Panchon, Antonio.
_935679
245 1 0 _aJoaquin de Villalba (1752-1807) y los origenes de la historiografia medica española
_b: = Joaquin de Villalba (1752-1807) and the origins of spanish medical historiography /
_cAntonio Carreras Panchon. Epidemiologia española / Joaquin de Villalba ; con un estudio preliminar de = with an introduction by Antonio Carreras Panchon.
260 _aMalaga :
_bUniversidad,
_cD.L. 1984.
300 _a2 v. ;
_c25 cm.
505 8 _aVol. 2: Reprod. facs. de Epidemiología española / Joaquín de Villalba. Madrid : F. Villalpando, 1803
600 1 4 _aVillalba, Joaquín de.
_9114939
650 0 4 _aEpidemiología.
_912334
700 1 _aVillalba, Joaquín de.
_9114939
740 0 _aEpidemiologia española.
852 _aES-MaACL
_jL-13750-51
_bR.108516
999 _c6596
_d6596